Top 5 największych miast w każdym województwie, które nie mają powiatu - Statystyki

Ogólne statystyki
  • Ten quiz został rozwiązany 19 razy
  • Średni wynik to 30 z 80
Statystyki odpowiedzi
Województwo Powiat Liczba mieszkańców Odpowiedź % Poprawnych
PM wejherowski 53 600 Rumia
78%
PM wejherowski 28 900 Reda
72%
MP krakowski 24 000 Skawina
72%
PM słupski 13 600 Ustka
72%
SL bielski 34 800 Czechowice-Dziedzice
67%
MZ wołomiński 39 500 Marki
67%
MZ wołomiński 45 300 Ząbki
67%
LD zgierski 22 000 Aleksandrów Łódzki
61%
MP wadowicki 18 300 Andrychów
61%
MZ wołomiński 28 300 Kobyłka
61%
PL białostocki 14 400 Łapy
61%
WP poznański 32 800 Luboń
56%
MZ pruszkowski 22 900 Piastów
56%
DL zgorzelecki 16 200 Bogatynia
50%
SL będziński 29 900 Czeladź
50%
SL rybnicki 26 500 Czerwionka-Leszczyny
50%
LU rycki 14 100 Dęblin
50%
SL gliwicki 35 600 Knurów
50%
LD łódzki wschodni 12 100 Koluszki
50%
MP wielicki 16 800 Niepołomice
50%
LU opolski 8200 Poniatowa
50%
DL dzierżoniowski 27 900 Bielawa
44%
PL białostocki 8600 Czarna Białostocka
44%
PL sokólski 5000 Dąbrowa Białostocka
44%
LB zielonogórski 15 600 Sulechów
44%
MZ miński 21 400 Sulejówek
44%
WP poznański 30 000 Swarzędz
44%
MP chrzanowski 18 500 Trzebinia
44%
ZP myśliborski 12 900 Barlinek
39%
PK rzeszowski 6300 Boguchwała
39%
SW kielecki 4300 Chęciny
39%
PL białostocki 6100 Choroszcz
39%
LD pabianicki 19 200 Konstantynów Łódzki
39%
LB gorzowski 17 600 Kostrzyn nad Odrą
39%
PM bytowski 9300 Miastko
39%
LU bialski 15 400 Międzyrzec Podlaski
39%
WP poznański 14 800 Mosina
39%
PK tarnobrzeski 10 400 Nowa Dęba
39%
DL kłodzki 20 200 Nowa Ruda
39%
ZP goleniowski 15 600 Nowogard
39%
PK niżański 6400 Rudnik nad Sanem
39%
LU bialski 5100 Terespol
39%
PL białostocki 12 800 Wasilków
39%
WP szamotulski 10 400 Wronki
39%
ZP sławieński 12 500 Darłowo
33%
PK rzeszowski 6000 Dynów
33%
LB krośnieński 15 700 Gubin
33%
DL oławski 15 100 Jelcz-Laskowice
33%
MP oświęcimski 17 700 Kęty
33%
LD zgierski 18 300 Ozorków
33%
WM elbląski 11 700 Pasłęk
33%
KP bydgoski 15 300 Solec Kujawski
33%
ZP drawski 12 000 Złocieniec
33%
WM olsztyński 9900 Biskupiec
28%
KP aleksandrowski 10 200 Ciechocinek
28%
PM chojnicki 9800 Czersk
28%
PK rzeszowski 10 600 Głogów Małopolski
28%
OP nyski 12 600 Głuchołazy
28%
SL mikołowski 22 000 Orzesze
28%
DL świdnicki 21 800 Świebodzice
28%
OP krapkowicki 10 200 Zdzieszowice
28%
ZP myśliborski 12 800 Dębno
22%
LD zgierski 13 200 Głowno
22%
KP bydgoski 10 800 Koronowo
22%
OP opolski 8000 Ozimek
22%
OP oleski 7100 Praszka
22%
KP toruński 13 800 Chełmża
17%
WM iławski 10 600 Lubawa
17%
LB żarski 12 900 Lubsko
17%
WM ostródzki 12 800 Morąg
17%
WP obornicki 10 700 Rogoźno
17%
SW jędrzejowski 6200 Sędziszów
17%
SW skarżyski 7600 Suchedniów
17%
LB żagański 10 700 Szprotawa
17%
KP nakielski 9400 Szubin
17%
LU lubelski 5900 Bełżyce
11%
OP brzeski 7900 Grodków
11%
SW staszowski 7500 Połaniec
11%
SW konecki 5200 Stąporków
11%
WM olsztyński 9300 Dobre Miasto
6%
Nie znaleziono quizów pasujących do podanych kryteriów
Rozkład punktacji
Procent ludzi z każdym wynikiem
Percentyl według liczby udzielonych odpowiedzi
Twoja historia wyników
Nie rozwiązałeś tego quizu